LIBRARY & INFORMATION CENTRE, KCAET, TAVANUR

ONLINE PUBLIC ACCESS CATALOGUE (OPAC)

Popular Master Guide U G C Junior Research Fellowship and Lectureship Exam (Record no. 13834)

MARC details
000 -LEADER
fixed length control field 00357nam a22001337a 4500
020 ## - INTERNATIONAL STANDARD BOOK NUMBER
ISBN 81 7812 250 2
082 ## - DEWEY DECIMAL CLASSIFICATION NUMBER
Classification number 025.76
Item number GUP/PO
100 ## - MAIN ENTRY--AUTHOR NAME
Personal name Gupta R
245 ## - TITLE STATEMENT
Title Popular Master Guide U G C Junior Research Fellowship and Lectureship Exam
250 ## - EDITION STATEMENT
Edition statement 2012 edition
260 ## - PUBLICATION, DISTRIBUTION, ETC. (IMPRINT)
Place of publication New Delhi
Name of publisher Ramesh Publishing House
300 ## - PHYSICAL DESCRIPTION
Number of Pages 702
942 ## - ADDED ENTRY ELEMENTS (KOHA)
Koha item type Reference
Holdings
Withdrawn status Lost status Damaged status Collection code Home library Current library Shelving location Date acquired Source of acquisition Cost, normal purchase price Full call number Accession Number Koha item type
      Reference KAUAET KAUAET Reference 31/03/2012 Penta Books,Calicut 430.00 025.76.GUP/PO 23465 Reference
free website counter